000 00510nmm a2200169Ia 4500
008 251105s9999||||xx |||||||||||||||||und||
020 _a9788481697629
041 _aspa
100 _aTassin , Claude
245 0 _aDe los Macabeos a Herodes el Grande :
_b Cuaderno Bíblico 136
264 _a[Madrid, España] :
_bEditorial Verbo Divino,
_c2007
300 _a59 páginas
490 _aCuadernos bíblicos
650 _aReligion(s)
856 _uhttps://public.digitaliapublishing.com/a/20660
942 _cCF
999 _c85980
_d85980